Estructuralismo e historia /
Uloženo v:
| Hlavní autor: | |
|---|---|
| Médium: | Neznámo |
| Jazyk: | Spanish |
| Témata: | |
| Tagy: |
Přidat tag
Žádné tagy, Buďte první, kdo vytvoří štítek k tomuto záznamu!
|
MARC
| LEADER | 000000000a22000000004500 | ||
|---|---|---|---|
| 001 | 002351 | ||
| 041 | 0 | |a spa | |
| 100 | 1 | |a Sánchez Vásquez, Adolfo | |
| 245 | 1 | 0 | |a Estructuralismo e historia / |c Adolfo Sánchez Vásquez. |
| 310 | |a bimestral | ||
| 650 | 4 | |a ESTRUCTURALISMO | |
| 650 | 4 | |a HISTORIA ESTRUCTURALISTA | |
| 650 | 4 | |a MARX, KARL, (1818-1883) | |
| 650 | 4 | |a POSITIVISMO | |
| 650 | 4 | |a EMPIRISMO | |
| 650 | 4 | |a HISTORICISMO | |
| 650 | 4 | |a LINGÜISTICA ESTRUCTURAL | |
| 650 | 4 | |a ATOMISMO | |
| 650 | 4 | |a ESCUELA DE PRAGA | |
| 650 | 4 | |a SAUSSURE | |
| 650 | 4 | |a JAKOBSON | |
| 650 | 4 | |a HJELMSLEV | |
| 650 | 4 | |a GLOSEMATICA | |
| 650 | 4 | |a LEVI-STRAUSS, CLAUDE, 1908- | |
| 650 | 4 | |a ANTROPOLOGIA ESTRUCTURAL | |
| 650 | 4 | |a GRUSHIN | |
| 650 | 4 | |a EL CAPITAL | |
| 773 | 0 | |x 008-7157 |d Cuba : Casa de las Américas |t Casa de las Américas |g número 55 (1969), páginas 31-42 | |
| 942 | |c ARC | ||
| 999 | |c 9870 |d 9870 | ||
